| 000 | 00473nam a2200181Ia 4500 | ||
|---|---|---|---|
| 001 | 19367 | ||
| 005 | 20260306172648.0 | ||
| 008 | 260306t2005||||xx |||||||||||||| ||spa|| | ||
| 041 | _aESP | ||
| 082 |
_a658.84 _bW53 |
||
| 100 |
_aWheeler, Steven _eAUT |
||
| 245 | 0 | _aCómo las compañías líderes crean nuevas estrategias para servir a los clientes | |
| 260 | _c2005 | ||
| 300 |
_a292 páginas : _ccm. |
||
| 650 | _aGEN | ||
| 654 | _aCAN | ||
| 942 |
_cLIB _dJUS _fJUS _2ddc _n |
||
| 999 |
_c19367 _d19367 |
||